Semiconductors
שמור ב:
| מחבר ראשי: | |
|---|---|
| פורמט: | ספר |
| שפה: | Undetermined |
| יצא לאור: |
New York
Reinhold Publishing
1959
|
| נושאים: | |
| תגים: |
הוספת תג
אין תגיות, היה/י הראשונ/ה לתייג את הרשומה!
|
| Thư viện lưu trữ: | Trung tâm Học liệu Trường Đại học Cần Thơ |
|---|
| LEADER | 00463nam a2200181Ia 4500 | ||
|---|---|---|---|
| 001 | CTU_82712 | ||
| 008 | 210402s9999 xx 000 0 und d | ||
| 082 | |a 541.377 | ||
| 082 | |b H243 | ||
| 100 | |a Hannay, N. B. | ||
| 245 | 0 | |a Semiconductors | |
| 245 | 0 | |c N. B. Hannay | |
| 260 | |a New York | ||
| 260 | |b Reinhold Publishing | ||
| 260 | |c 1959 | ||
| 650 | |a Semiconductors | ||
| 904 | |i QHieu(sửa) | ||
| 980 | |a Trung tâm Học liệu Trường Đại học Cần Thơ | ||